| 000 | 00505nam a2200181Ia 4500 | ||
|---|---|---|---|
| 001 | 8066 | ||
| 005 | 20260306160541.0 | ||
| 008 | 260306t2011||||xx |||||||||||||| ||spa|| | ||
| 041 | _aESP | ||
| 082 |
_a370.1 _bG79 |
||
| 100 |
_aGreco, María Beatriz _eAUT |
||
| 245 | 0 |
_aLa autoridad (pedagógica) en cuestión: _buna crítica al concepto de autoridad en tiempos de transformación |
|
| 260 | _c2011 | ||
| 300 |
_a165 páginas : _c22 cm. |
||
| 650 | _aGEN | ||
| 654 | _aCED | ||
| 942 |
_cLIB _dJUS _fJUS _2ddc _n |
||
| 999 |
_c8066 _d8066 |
||